000 00858cam a2200241 a 4500
001 708471
005 20180115041937.0
008 970415s1997 nyua b 001 0 eng
010 _a 97018678
020 _a0670874744 (alk. paper)
040 _aDLC
_cDLC
_dDLC
041 _aeng
080 _a940.53 STE
082 0 0 _a940.53 STE
_221
100 1 _a16
101 _aHIS
245 1 0 _aAmerican heritage new history of World War II /
_crev. and updated by Stephen E. Ambrose ; [based on the] original text by C.L. Sulzberger.
246 3 0 _aNew history of World War II
504 _aIncludes bibliographical references (p. 607-608) and index.
906 _a7
_bcbc
_corignew
_d1
_eocip
_f19
_gy-gencatlg
942 _2ddc
_cBK
999 _c40236
_d40236